000 00730nam a22001817a 4500
005 20120327125129.0
020 _c400.00
_a
035 _aB-244575
037 _b
_adpl
082 _a320.407
100 _aजैन, संध्या
_944352
245 _aनागरिक शास्त्र शिक्षण /
_cसंध्या जैन
260 _aजयपुर
_bग्रथ अकादमी
_c2006
270 _a
_b
_e
_k
300 _a302पृ.
_c22सेमी (सजिल्द)
942 _adpl
_cHN
_k
_2ddc
_h320.407
_mजैनस
999 _c64421
_d64421